000 00581nam a2200157Ia 4500
003 SGT
020 _a9780074516102
082 _a530.124
_bBAJ
100 _aBajaj,N.K
245 4 _aThe physicis of waves and oscillations
260 _bTata McGraw Hill Education Private Limited
_aNew Delhi
_c2004
300 _a432p.
650 _aENGINEERING PHYSICS
653 _aFREE OSCILLATIONS OF SYSTEMS WITH ONE DEGREE OF FREEDOM SIMPLE HARMONIC MOTION,SUPERPOSITION OF HARMONIC OSCILLATIONS,FREE DAMPED OSCILLATIONS,FORCED OSCILLATIONS ND RESONANCE,COUPLED OSCILLATIONS
942 _2ddc
_cBK
999 _c5370
_d5370